01002nam a22002297a 4500001001400000003000900014005001700023008004100040040001300081082002000094100005000114245012800164260008100292300003300373500012100406504004100527650003800568650003600606651003800642700004500680710004700725BD-DhSAU 9278BD-DhSAU20260512111612.0260512b2018 bg a|||| m||| 00| 0 eng d aBD-DhSAU 222a631.4bN235 aSOBHAN, NAYMA BINTY eRegistration # 22010126 aIntegrated use of inorganic and organic fertilisers on growth and yield of potato (solanum tuberosum l.) / bMS thesis  aSher-e-Bangla Agricultural University;bDepartment of Soil Science, ;c2024. aviii, 66p. :bill. ;c30 cm. aMS thesis of Department of Soil Science, ;, Faculty of Agriculture. Sher-e-Balgla Agricultural University Dhaka-1207 aIncludes bibliographical reference.  ainorganic and organic fertilisers apotato (solanum tuberosum l.) aokra (abelmoschus esculentus l.) aProf. Dr. Mst. Afrose Jahan eSuperviser eCo-SuperviseraProf. Dr. Alok Kumar Paul